GC-MS Determination of Fatty Acids in Arachidonic Acid High-Yield Strain Induced by Low-Energy Ion Implantation

Bibliographic Details
Main Authors: Yao, J. (Author), Wang, X. (Author), Yu, Z. (Author)
Format: Article
Language:English

MARC

LEADER 00000nab a2200000uu 4500
001 vtls010877963
003 SK-MaSNL
005 20260303184834.0
008 230303|2005 xo |||||||||||||||||eng|
015 |a SNBRB 
035 |a (urnnbn)urn:nbn:sk:snk:ar-005u8u 
035 |a (uuid)e13dbd04-5c8b-4b14-8bba-e8797bafde0b 
035 |a urn:nbn:sk:snk-ab7m9e 
040 |a SNKBUCL  |b slo  |c SNKBUCL  |e AACR2 
041 0 |a eng 
044 |a xo  |c SK 
100 1 |a Yao, J.  |4 aut  |9 1215377 
245 1 0 |a GC-MS Determination of Fatty Acids in Arachidonic Acid High-Yield Strain Induced by Low-Energy Ion Implantation  |c J. Yao, X. Wang, Z. Yu 
700 1 |a Wang, X.  |4 aut  |9 1166019 
700 1 |a Yu, Z.  |4 aut  |9 1146587 
773 0 |t Chemical papers  |g Roč. 59, č. 4 (2005), s. 240-243 
958 |a OND 
958 |a EUIPO 
958 |a article8 
999 |c 2128513  |d 2130443